000 00519nam a2200169 4500
001 139948
003 ES-MaACL
005 20230906195944.0
007 t|
008 070214s1972 sp r ||||1| spa d
100 1 _aSchoonenberg, Piet.
_9104653
245 1 3 _aUn dios de los hombres /
_cPiet Schoonenberg ; versión de Alejandro Esteban Lator Ros.
260 _aBarcelona :
_bHerder,
_c1972.
300 _a214 p. ;
_c22 cm.
700 1 _aLator Ros, Alejandro Esteban.
_970527
852 _aES-MaACL
_jC-42249
_bR.81251
999 _c139948
_d139948